000 00291nam a22001337a 4500
008 170209b xxu||||| |||| 00| 0 eng d
020 _a9780135010570
041 _aeng
080 _25ED
_a61
100 _a4
101 _aSHM
245 _aINTRODUCTION AUDIOLOGY
_cMARTIN.N
942 _2udc
_cBK
999 _c5040
_d5040